Korózna odolnosť vysokoentropických zliatin

Enregistré dans:
Détails bibliographiques
Auteur principal: Dvorštiaková, Karolína (Auteur)
Autres auteurs: Palcut, Marián (Directeur de thèse)
Format: Manuscrit Livre
Langue:slovaque
Publié: 2021
Sujets:
Accès en ligne:http://is.stuba.sk/zp/portal_zp.pl?podrobnosti=158066
Tags: Ajouter un tag
Pas de tags, Soyez le premier à ajouter un tag!

MARC

LEADER 00000ntm a22000003a 4500
001 stuzp84354
003 SK-STU
005 20210612212944.8
007 ta
008 150427s2015----xo-----f-mn---000-0-slo-d
040 |a STU  |b slo 
041 0 |a slo 
100 1 |a Dvorštiaková, Karolína  |u 061000  |4 aut  |U MTF Materiálovotechnologická fakulta  |T MTF Ústav materiálov  |X 81287  |U M1000  |Y 81  |7 81287 
242 0 1 |a Corrosion resistance of high entropy alloys  |y eng 
245 1 0 |a Korózna odolnosť vysokoentropických zliatin 
260 |c 2021 
650 4 |a vysokoentropické zliatiny  |2 slo 
650 4 |a korózna odolnosť  |2 slo 
650 4 |a elektrochemická korózia  |2 slo 
650 4 |a high-entropy alloys  |2 eng 
650 4 |a electrochemical corrosion  |2 eng 
650 4 |a corrosion resistance  |2 eng 
700 1 |a Palcut, Marián  |u 061000  |k Z2  |4 ths  |U MTF Materiálovotechnologická fakulta  |T MTF Ústav materiálov  |X 51626  |U M1000  |Y 81  |7 A000051626 
856 4 |u http://is.stuba.sk/zp/portal_zp.pl?podrobnosti=158066 
996 |c M* DP-14526  |l MMSKP  |s P  |a 0  |w stuzp84354_0001